000 00711nam a22002177a 4500
005 20171024142452.0
010 _aENG-121056
020 _c680.00
_a9789383649723
035 _aEN-104588
037 _bDBAD/PUB
082 _a950
245 _aAsia in transition /
_cedited by Arpita Basu Roy, Anita Sen Gupta, Suchandana Chatterjee [and] Priya Singh
260 _aNew Delhi
_bKW Publishers
_c2016
270 _a4676/21, First Floor, Ansari Road, Daryaganj
_bNew Delhi
_e110002
300 _axviii,189p.
_c23.5cm(Hb)
_bill.
700 _a Roy, Arpita Basu
700 _aGupta, Anita Sen
700 _aChatterjee, Suchandana
700 _aSingh, Priya
942 _2ddc
_cEN
_h950
_mASI
999 _c146812
_d146812